| 000 | 00436nam a2200145Ia 4500 | ||
|---|---|---|---|
| 008 | 210210b1996 xxu||||| |||| 00| 0 eng d | ||
| 082 | _a658.4 SUDO | ||
| 100 | _aSUDHA (G S). | ||
| 245 | _aOrganisational behaviour: a psychological framework. | ||
| 260 |
_aJaipur. _bNational Publishing House., _c1996 |
||
| 300 | _axii,343 | ||
| 650 | _aOrganisational Behaviour, Psychology | ||
| 690 | _aOrganisational Behaviour | ||
| 906 | _a053224 | ||
| 999 |
_c101361 _d101361 |
||